| 000 | 00803nam a22002417a 4500 | ||
|---|---|---|---|
| 003 | UA-OsUOA | ||
| 001 | 32528 | ||
| 007 | ta | ||
| 008 | 20050204b un ||||| |||| 00| 0 ukr d | ||
| 100 | _aСтерн Л. | ||
| 090 |
_a821.111 _bС79 |
||
| 942 | _cBK | ||
| 040 |
_aUA-OsUOA _brus _cUA-OsUOA _dUA-OsUOA |
||
| 245 | _aЖизнь и мнения Тристрама Шенди, джентельмена. Сентиментальное путешествие по Франции и Италии | ||
| 300 |
_a688 с. _bІлюстрації |
||
| 955 | _a3 | ||
| 041 | _arus | ||
| 080 | _a821.111 | ||
| 260 |
_aМосква _bХудожественная литература _c1968 |
||
| 044 | _aRU | ||
| 650 | 7 |
_a82 Література. Літературознавство _2UDC |
|
| 999 |
_c318973 _d318973 |
||